El muerto solidario / (Registro nro. 8442)
[ vista simple ]
| 000 -CABECERA | |
|---|---|
| campo de control de longitud fija | 00748cam a2200217 a 4500 |
| 001 - NÚMERO DE CONTROL | |
| campo de control | 000008672 |
| 005 - FECHA Y HORA DE LA ÚLTIMA TRANSACCIÓN | |
| campo de control | 20200929161400.0 |
| 008 - DATOS DE LONGITUD FIJA--INFORMACIÓN GENERAL | |
| campo de control de longitud fija | 920806s1991 cu 000 1 spa |
| 040 ## - FUENTE DE LA CATALOGACIÓN | |
| Centro catalogador/agencia de origen | DO-SdBNP |
| Lengua de catalogación | spa |
| Centro/agencia transcriptor | LC |
| Centro/agencia modificador | BNPHU |
| 041 17 - CÓDIGO DE LENGUA | |
| Código de lengua del texto/banda sonora o título independiente | spa |
| Código de lengua del sumario o resumen | por |
| Fuente del código | Código de idioma MARC |
| 050 00 - SIGNATURA TOPOGRÁFICA DE LA BIBLIOTECA DEL CONGRESO | |
| Número de clasificación | PQ9698.16.E6853 |
| Número de documento/Ítem | M84 1991 |
| 082 ## - NÚMERO DE LA CLASIFICACIÓN DECIMAL DEWEY | |
| Número de clasificación | nn* |
| Número de documento/Ítem | F363m |
| 049 ## - FONDOS LOCALES (OCLC) | |
| Fondos de biblioteca | BNGR |
| 100 1# - ENTRADA PRINCIPAL--NOMBRE DE PERSONA | |
| Nombre de persona | Fernandes, Ronaldo Costa, |
| Fechas asociadas al nombre | 1952- |
| 9 (RLIN) | 23111 |
| 245 13 - MENCIÓN DE TÍTULO | |
| Título | El muerto solidario / |
| Mención de responsabilidad, etc. | Ronaldo Costa Fernandes ; traducción Carlos María Gutiérrez. |
| 260 ## - PUBLICACIÓN, DISTRIBUCIÓN, ETC. | |
| Lugar de publicación, distribución, etc. | La Habana : |
| Nombre del editor, distribuidor, etc. | Casa de las Américas, |
| Fecha de publicación, distribución, etc. | 1991. |
| 300 ## - DESCRIPCIÓN FÍSICA | |
| Extensión | 108 p. ; |
| Dimensiones | 20 cm. |
| 586 ## - NOTA DE PREMIOS | |
| Nota de premios | "Premio Novela 1990 Casa de las Américas." |
| 700 1# - PUNTO DE ACCESO ADICIONAL--NOMBRE DE PERSONA | |
| Nombre de persona | Gutiérrez, Carlos María, |
| Término indicativo de función/relación | tr. |
| 9 (RLIN) | 23112 |
| 910 ## - DATOS DE OPCIÓN DEL USUARIO (OCLC) | |
| Datos de opción del usuario | Catalogación por copia / LC |
| Estado de retiro | Estado de pérdida | Restricciones de uso | No para préstamo | Código de colección | Localización permanente | Ubicación/localización actual | Ubicación en estantería | Fecha de adquisición | Número de inventario | Total de préstamos | Signatura topográfica completa | Código de barras | Fecha visto por última vez | Precio válido a partir de | Tipo de ítem Koha | Número de copia |
|---|---|---|---|---|---|---|---|---|---|---|---|---|---|---|---|---|
| Préstamo interno | Monografías: Libros y Folletos | General | General | En catalogación | 17.09.2009 | LF1 | nn* F363m | 8672-10 | 25.06.2020 | 25.06.2020 | Préstamo interno | |||||
| Préstamo restringido | Préstamo restrigido | Monografías: Libros y Folletos | General | General | En catalogación | 17.09.2009 | LF1 | nn* F363m | 8672-20 | 25.06.2020 | 25.06.2020 | Préstamo interno | e.2 |
